Rozvoj metód diagnostikovania potrubných vedení so zreteľom na ochranu životného prostredia : Dizertačná práca

Salvato in:
Dettagli Bibliografici
Autore principale: Zelenaj, Anton, 1969- (Autore)
Altri autori: Agócs, Zoltán, 1938- (Relatore della tesi)
Natura: Manoscritto Libro
Lingua:slovacco
Pubblicazione: Bratislava : STU v Bratislave SvF, 2010
Tags: Aggiungi Tag
Nessun Tag, puoi essere il primo ad aggiungerne!!

MARC

LEADER 00000ntm a22000003a 4500
001 stu290173
005 20160721135657.9
008 140530s--------xo------------------slo-d
040 |a STU  |b slo 
041 0 |a slo 
044 |a xo 
100 1 |a Zelenaj, Anton,  |d 1969-  |4 aut  |X 2687  |7 A000002687 
245 1 |a Rozvoj metód diagnostikovania potrubných vedení so zreteľom na ochranu životného prostredia :  |b Dizertačná práca 
260 |a Bratislava :  |b STU v Bratislave SvF,  |c 2010 
300 |a 141 s 
700 1 |a Agócs, Zoltán,  |d 1938-  |4 ths  |u V190  |U SvF Stavebná fakulta  |T SvF Katedra kovových a drevených konštrukcií  |X 982  |U V190  |Y 21  |7 A000000982 
996 |b 284V036659  |c V*3045/DP-1025  |l VVS  |s P  |a 0  |w stu290173_0001